| 000 | 00714nam a2200217Ia 4500 | ||
|---|---|---|---|
| 003 | BUBTL | ||
| 008 | 151213s9999 xx 000 0 und d | ||
| 020 | _a0256167044 | ||
| 082 | _a657.3/ B4582f/ 1998 | ||
| 100 |
_aBernstein, Leopold A. _93316 |
||
| 245 |
_aFinancial statement analysis: Theory, Application, and Interpretation _cLeopold A. Bernstein, John J. Wild |
||
| 250 | _a6th | ||
| 260 |
_aNew York _bMcGraw hill _cc1998 |
||
| 300 |
_a[xxxi], 662p . : _bill. Chart, Graph, Table, Map ; 26cm . |
||
| 500 | _aIncludes Index . | ||
| 650 |
_aFinance _93317 |
||
| 700 |
_aLeopold A. Bernstein, John J. Wild _93316 |
||
| 856 |
_k0 _l0 _yDownload |
||
| 942 |
_2ddc _cBK |
||
| 999 |
_c1053 _d1053 |
||